000 00269nam a22001217a 4500
008 180124b xxu||||| |||| 00| 0 eng d
041 _aeng
080 _a610.73
100 _a2
101 _aINF
245 _aFundamentals for nursing
_cKnippa,A
942 _2udc
_cBK
999 _c40834
_d40834